Les Raphaël (et toutes les variantes) célèbres - Statistiques

Statistiques générales
  • Ce quiz a été pris 116 fois
  • Le résultat moyen est 5 sur 16
Statistiques - réponses
Par images Réponse % Correct
Rafael Nadal
97%
Raphaël Varane
89%
Raphaël Carlier
71%
Raphaël Haroche
70%
Raphaël Enthoven
34%
Raphaël Quenard
29%
Raphaël Mezrahi
26%
Raphael Ibanez
25%
Raphaël Personnaz
12%
Raffaello Sanzio
9%
Rafael Correa
4%
Rafael Trujillo
1%
Rafael Bombelli
0%
Raphaël Coleman
0%
Raphaël Fays
0%
Raphaël Gualazzi
0%
Aucun quiz correspondant
Distribution des résultats
% des personnes avec chaque résultat
Percentile par nombre de réponses
Votre historique - résultats
Vous n’avez pas pris ce quiz